Texas A

Jisoo Yoo, Chinmay Murthy, Mitchell Shadden


Current Events120.00100%0%100%
Fine Arts - Auditory Fine Arts410.00100%0%0%
Fine Arts - Other Fine Arts812.5088%25%13%
Fine Arts - Visual Fine Arts1012.0090%20%10%
Geography220.00100%50%50%
History - American History813.75100%38%0%
History - European History721.43100%100%14%
History - Other History918.89100%56%33%
History - World History417.50100%25%50%
Literature - American Literature717.14100%57%14%
Literature - British Literature712.8686%43%0%
Literature - European Literature917.78100%78%0%
Literature - World Literature611.67100%17%0%
Mythology618.33100%67%17%
Philosophy516.00100%60%0%
Pop Culture313.33100%33%0%
Religion620.00100%67%33%
Science - Biology516.0060%60%40%
Science - Chemistry96.6756%11%0%
Science - Other Science715.71100%43%14%
Science - Physics516.0080%60%20%
Social Science715.71100%43%14%